=LDR 00000nam 2200000 4500 =001 INLIS000000000810039 =005 20251008100225 =035 ##$$a 0010-1025000022 =007 ta =008 251008###########################0###### =082 ##$$a 628.4 =084 ##$$a 628.4 IND p =245 ##$$a Pengelola Sampah pada Hulu Das Brantas : $b Kumpulan Reportase dan Karya Ilmiah 2010 =260 ##$$a Batu :$b Kantor Lingkungan Hidup Kota Batu,$c 2010 =300 ##$$a 103 halaman : $b ilustrasi ; $c 21 cm